|
|
|
|
| LEADER |
00000nab a2200000 a 4500 |
| 001 |
vtls000076441 |
| 003 |
SK-MaSNL |
| 005 |
20260303223902.0 |
| 008 |
160201c1980 xo 0 cze |
| 015 |
|
|
|a SNBRB19rr/mm-uuuuu
|
| 035 |
|
|
|a CL0086542
|
| 040 |
|
|
|a SNKBUCL
|b slo
|c SNKBUCL
|e AACR2
|
| 041 |
0 |
|
|a cze
|
| 044 |
|
|
|a xo
|c SK
|
| 080 |
|
|
|a 681.3
|2 1981
|
| 100 |
1 |
|
|a Dvořák, Stanislav
|4 aut
|9 574338
|
| 245 |
1 |
0 |
|a Složitost výběru extrémních prvků technikou filtru
|c Stanislav Dvořák
|
| 300 |
|
|
|b Obr. 2. Res. rus., angl.
|
| 650 |
0 |
7 |
|a výpočtová technika
|2 snkbucl
|9 1126
|
| 655 |
|
7 |
|a články z novín a časopisov
|2 snkbucl
|9 267496
|
| 773 |
0 |
|
|t Informačné systémy
|g Roč. 22, č. 5 (1980), s. 463-472
|
| 850 |
|
|
|a Slovenská národná knižnica v Martine
|a MTA001
|
| 852 |
|
|
|a SNK
|b KIS3GCP
|
| 958 |
|
|
|a RK
|
| 958 |
|
|
|a CZ
|
| 992 |
|
|
|a RBX
|
| 999 |
|
|
|c 2249708
|d 2251638
|